000 nam a22 7a 4500
999 _c398342
_d398342
003 BLK
005 20210212132247.0
008 210212b bu ||||| |||| 00| 0 bu d
040 _aBLK
041 _aRUS
_cRUS
080 _aХудожествени ръкоделия
_b746
_z746
100 _91299
_aКалмыкова, Людмила Эльмаровна
_eпърви автор
139 _aКалмыкова, Людмила Эльмаровна
_bК 16
245 _aНародная вышивка Тверской земли ( вторая пол. ХVIII-начало ХХ в.)
_cЛюдмила Эльмаровна Калмыкова
257 _aSUN
260 _9211505
_aМосква
_bХудожник РСФСР
_c1981
_n5-
300 _a205 с.
_bс ил.
_c25 см.
380 _a7
650 7 _9177812
_aШевици, български
852 _aЦб ІІ 28750
_bО
942 _cGRA
_n0
_s1
944 _aCR
_c2021-02-12
_kИ. Р.